المسند / (رقم التسجيلة. 178178)

تفاصيل مارك
000 -LEADER
fixed length control field 02357namaa22003851i 4500
003 - CONTROL NUMBER IDENTIFIER
control field EG-GICUC
005 - DATE AND TIME OF LATEST TRANSACTION
control field 20260204105636.0
008 - FIXED-LENGTH DATA ELEMENTS--GENERAL INFORMATION
fixed length control field 260204s1994 le ||||jr|||| 001 0 ara d
040 ## - CATALOGING SOURCE
Original cataloging agency EG-GiCUC
Language of cataloging ara
Transcribing agency EG-GiCUC
Modifying agency EG-GiCUC
Description conventions rda
082 04 - DEWEY DECIMAL CLASSIFICATION NUMBER
Edition number 21
Classification number 236.8
Item number H2339
092 04 - LOCALLY ASSIGNED DEWEY CALL NUMBER (OCLC)
Edition number 21
Classification number 236.8
Item number H2339
099 ## - LOCAL FREE-TEXT CALL NUMBER (OCLC)
Classification number 236.8 H2339 1994
100 1# - MAIN ENTRY--PERSONAL NAME
Personal name إبن حنبل، احمد بن محمد
Dates associated with a name 780-855.
Relator term مؤلف.
245 12 - TITLE STATEMENT
Title المسند /
Statement of responsibility, etc. للإمام أحمد حنبل . ويليه المصعد الاحمد فى ختم الإمام أحمد / للحافظ شمس الدين بن الجزرى، القول المسدد فى الذب عن مسند الإمام أحمد / لابن حجر العسقلانى، خصائص المسند / للحافظ أبى موسى المدينى، ذيل القول المسدد / للمحدث محمد صبغة الله المدارسى الهندى ؛راجعه وضبطه وعلق عليه وصنع فهارسه صدقى محمد جميل العطار
250 ## - EDITION STATEMENT
Edition statement الطبعة الثانية منقحة ومصححة
264 ## - PRODUCTION, PUBLICATION, DISTRIBUTION, MANUFACTURE, AND COPYRIGHT NOTICE
Place of production, publication, distribution, manufacture بيروت (لبنان) :
Name of producer, publisher, distributor, manufacturer دار الفكر،
Date of production, publication, distribution, manufacture, or copyright notice 1994
300 ## - PHYSICAL DESCRIPTION
Extent ؛12 مجلد
Dimensions 24 سم
Other physical details إيضاحيات، صور، مثيليات ؛ Illustrations
336 ## - CONTENT TYPE
Source rdacontent
Content type term text
337 ## - MEDIA TYPE
Source rdamedia
Media type term Unmediated
338 ## - CARRIER TYPE
Source rdacarrier
Carrier type term volume
504 ## - BIBLIOGRAPHY, ETC. NOTE
Bibliography, etc. note يشتمكل على ارجاعات ببليوجرافية
505 ## - FORMATTED CONTENTS NOTE
Formatted contents note المجلد 11-12 فهارس
541 ## - IMMEDIATE SOURCE OF ACQUISITION NOTE
Source of acquisition د. جابر عصفور ؛
Address القاهرة ؛
Method of acquisition إهداء ؛
Date of acquisition 2024.
600 10 - SUBJECT ADDED ENTRY--PERSONAL NAME
Personal name إبن حنبل، احمد بن محمد
Dates associated with a name 780-855.
Title of a work المسند
9 (RLIN) 10574
650 17 - SUBJECT ADDED ENTRY--TOPICAL TERM
Topical term or geographic name entry element الحديث
General subdivision مسند ابن حنبل
Source of heading or term qrmak
650 17 - SUBJECT ADDED ENTRY--TOPICAL TERM
Topical term or geographic name entry element الحديث
General subdivision نصوص
Chronological subdivision الاعمال الاولية
Source of heading or term qrmak
651 1# - SUBJECT ADDED ENTRY--GEOGRAPHIC NAME
Source of heading or term qrmak
700 1# - ADDED ENTRY--PERSONAL NAME
Personal name بن الجزرى، شمس الدين
Title of a work المصعد الأحمد فى ختم مسند الإمام أحمد
700 1# - ADDED ENTRY--PERSONAL NAME
Personal name ابن حجر العسقلاني، أحمد بن علي،
Dates associated with a name 1372-1449
9 (RLIN) 8992
Title of a work قول المسدّد في الذبّ عن مسند الإمام أحمد
700 1# - ADDED ENTRY--PERSONAL NAME
Personal name المدينى، أبى موسى
Title of a work خصائص المسند
700 1# - ADDED ENTRY--PERSONAL NAME
Personal name الهندى، محمد صبعة المدارسى
Title of a work ذيل القول المسدد
700 1# - ADDED ENTRY--PERSONAL NAME
Personal name العطار، صدقى محمد جميل
Relator term مراجع.
905 ## - Cataloger and Reviser Names
Cataloger Name Huda
942 ## - ADDED ENTRY ELEMENTS (KOHA)
Source of classification or shelving scheme Dewey Decimal Classification
Koha item type Books
Edition 21
Suppress in OPAC No
المقتنيات
Withdrawn status Lost status Source of classification or shelving scheme Damaged status Not for loan Home library Current library Date acquired Inventory number Total checkouts Full call number Barcode Date last seen Price effective from Koha item type
    Dewey Decimal Classification   Not for loan المكتبة المركزبة الجديدة - جامعة القاهرة قاعة المكتبات المهداة - الدور الرابع 04.02.2026 175071   236.8 H2339 1994 v.1 J.U. 01000100175071001 04.02.2026 04.02.2026 Books
    Dewey Decimal Classification   Not for loan المكتبة المركزبة الجديدة - جامعة القاهرة قاعة المكتبات المهداة - الدور الرابع 04.02.2026 175071   236.8 H2339 1994 v.2 J.U. 01000100175071002 04.02.2026 04.02.2026 Books
    Dewey Decimal Classification   Not for loan المكتبة المركزبة الجديدة - جامعة القاهرة قاعة المكتبات المهداة - الدور الرابع 04.02.2026 175071   236.8 H2339 1994 v.3 J.U. 01000100175071003 04.02.2026 04.02.2026 Books
    Dewey Decimal Classification   Not for loan المكتبة المركزبة الجديدة - جامعة القاهرة قاعة المكتبات المهداة - الدور الرابع 04.02.2026 175071   236.8 H2339 1994 v.4 J.U. 01000100175071004 04.02.2026 04.02.2026 Books
    Dewey Decimal Classification   Not for loan المكتبة المركزبة الجديدة - جامعة القاهرة قاعة المكتبات المهداة - الدور الرابع 04.02.2026 175071   236.8 H2339 1994 v.5 J.U. 01000100175071005 04.02.2026 04.02.2026 Books
    Dewey Decimal Classification   Not for loan المكتبة المركزبة الجديدة - جامعة القاهرة قاعة المكتبات المهداة - الدور الرابع 04.02.2026 175071   236.8 H2339 1994 v.6 J.U. 01000100175071006 04.02.2026 04.02.2026 Books
    Dewey Decimal Classification   Not for loan المكتبة المركزبة الجديدة - جامعة القاهرة قاعة المكتبات المهداة - الدور الرابع 04.02.2026 175071   236.8 H2339 1994 v.7 J.U. 01000100175071007 04.02.2026 04.02.2026 Books
    Dewey Decimal Classification   Not for loan المكتبة المركزبة الجديدة - جامعة القاهرة قاعة المكتبات المهداة - الدور الرابع 04.02.2026 175071   236.8 H2339 1994 v.8 J.U. 01000100175071008 04.02.2026 04.02.2026 Books
    Dewey Decimal Classification   Not for loan المكتبة المركزبة الجديدة - جامعة القاهرة قاعة المكتبات المهداة - الدور الرابع 04.02.2026 175071   236.8 H2339 1994 v.9 J.U. 01000100175071009 04.02.2026 04.02.2026 Books
    Dewey Decimal Classification   Not for loan المكتبة المركزبة الجديدة - جامعة القاهرة قاعة المكتبات المهداة - الدور الرابع 04.02.2026 175071   236.8 H2339 1994 v.10 J.U. 01000100175071010 04.02.2026 04.02.2026 Books
    Dewey Decimal Classification   Not for loan المكتبة المركزبة الجديدة - جامعة القاهرة قاعة المكتبات المهداة - الدور الرابع 04.02.2026 175071   236.8 H2339 1994 v.11 pt.1 Index J.U. 01000100175071011 04.02.2026 04.02.2026 Books
    Dewey Decimal Classification   Not for loan المكتبة المركزبة الجديدة - جامعة القاهرة قاعة المكتبات المهداة - الدور الرابع 04.02.2026 175071   236.8 H2339 1994 v.12 pt.2 Index J.U. 01000100175071012 04.02.2026 04.02.2026 Books
Cairo University Libraries Portal Implemented & Customized by: Eng. M. Mohamady Contacts: new-lib@cl.cu.edu.eg | cnul@cl.cu.edu.eg
CUCL logo CNUL logo
© All rights reserved — Cairo University Libraries
CUCL logo
Implemented & Customized by: Eng. M. Mohamady Contact: new-lib@cl.cu.edu.eg © All rights reserved — New Central Library
CNUL logo
Implemented & Customized by: Eng. M. Mohamady Contact: cnul@cl.cu.edu.eg © All rights reserved — Cairo National University Library